Normal view
MARC view
Entry Personal Name
001 - CONTROL NUMBER
- control field: 18836
003 - CONTROL NUMBER IDENTIFIER
- control field: OSt
005 - DATE AND TIME OF LATEST TRANSACTION
- control field: 20260305023250.0
008 - FIXED-LENGTH DATA ELEMENTS
- fixed length control field: 260305|| aca||aabn | a|a d
040 ## - CATALOGING SOURCE
- Original cataloging agency: OSt
- Transcribing agency: OSt
100 ## - HEADING--PERSONAL NAME
- Personal name: De Paula, John Lawrence B., author
670 ## - SOURCE DATA FOUND
- Source citation: Work cat.: (OSt)4780: Cuevas, Mico, author. 18831, Expectations, perceptions, and attitudes toward future professional choices among BSBM students of Cavite State University-CCAT Campus : a multi-effect design /, 2024.
